[Event "Mostoles op 12th"]
[Site "Mostoles"]
[Date "2023.07.29"]
[Round "7"]
[White "Fuentes Arjona, Antonio C"]
[Black "Bocancea, Cristian Andrei"]
[Result "1/2-1/2"]
[WhiteElo "2001"]
[BlackElo "1497"]
[PlyCount "81"]
[EventDate "2023.07.23"]
[EventType "swiss"]
[EventRounds "8"]
[EventCountry "ESP"]
[SourceTitle "CBM 215 Extra"]
[Source "ChessBase"]
[SourceDate "2023.09.30"]
[SourceVersion "1"]
[SourceVersionDate "2023.09.30"]
[SourceQuality "1"]

1. e4 c5 2. Nf3 d6 3. d4 cxd4 4. Nxd4 Nf6 5. Nc3 Nc6 6. Be2 e5 7. Nf3 h6 8. h3 Be6 9. 0-0 Be7 10. Be3 0-0 11. Nd2 d5 12. exd5 Nxd5 13. Nxd5 Bxd5 14. Bc4 f5 15. Bxd5+ Qxd5 16. Nb3 Qxd1 17. Rfxd1 Rfd8 18. c3 b6 19. f4 e4 20. Kf2 Kf7 21. Ke2 Bf6 22. Rac1 Rac8 23. g3 g6 24. g4 Ke6 25. Rg1 Kf7 26. gxf5 gxf5 27. Rcd1 Rxd1 28. Rxd1 Rd8 29. Rxd8 Bxd8 30. Bd4 Bf6 31. Ke3 Bxd4+ 32. Nxd4 Nxd4 33. Kxd4 Ke6 34. h4 Kd6 35. c4 a5 36. b3 h5 37. a3 Kc6 38. b4 axb4 39. axb4 Kd6 40. Ke3 Kc6 41. Kd4 1/2-1/2

[Event "Mostoles op 12th"]
[Site "Mostoles"]
[Date "2023.07.25"]
[Round "3"]
[White "Camarero Izquierdo, Juan Carlos"]
[Black "Bocancea, Cristian Andrei"]
[Result "1-0"]
[WhiteElo "1739"]
[BlackElo "1497"]
[PlyCount "53"]
[EventDate "2023.07.23"]
[EventType "swiss"]
[EventRounds "8"]
[EventCountry "ESP"]
[SourceTitle "CBM 215 Extra"]
[Source "ChessBase"]
[SourceDate "2023.09.30"]
[SourceVersion "1"]
[SourceVersionDate "2023.09.30"]
[SourceQuality "1"]

1. d4 Nf6 2. Nc3 c5 3. d5 e6 4. Bg5 h6 5. Bh4 g5 6. Bg3 Bg7 7. e4 Qa5 8. Qd2 Qb4 9. dxe6 fxe6 10. Bd3 c4 11. e5 cxd3 12. exf6 Bxf6 13. cxd3 b6 14. a3 Qb3 15. Nge2 Bb7 16. 0-0 h5 17. Bxb8 Rxb8 18. Ng3 h4 19. Nge4 Bxe4 20. dxe4 Bxc3 21. bxc3 Qb5 22. Rfe1 Qe5 23. Rad1 Rb7 24. Qe2 Qxc3 25. e5 Qxa3 26. Qe4 Rb8 27. Qg6+ 1-0